Capitales de las Provincias y Territorios de Canadá - Estadísticas

Estadísticas generales
  • Esta prueba ha sido intentada 326 veces
  • La puntuación promedio es 8 de 13
Estadísticas de respuestas
Capital % Correcto
Ontario Toronto
91%
Quebec Quebec
90%
Columbia Británica Victoria
70%
Manitoba Winnipeg
68%
Alberta Edmonton
67%
Nueva Escocia Halifax
65%
Territorios del Noroeste Yellowknife
63%
Saskatchewan Regina
62%
Yukón Whitehorse
57%
Terranova y Labrador San Juan de Terranova
55%
Isla del Príncipe Eduardo Charlottetown
53%
Nunavut Iqaluit
51%
Nuevo Brunswick Fredericton
46%
No se encontraron pruebas coincidentes
Distribución de puntuación
Porcentaje de gente con cada puntuación
Porcentaje por número respondido
Historial de tus puntuaciones
No has intentado esta prueba.